Geomechanics in tropical soils / (Record no. 6738)
[ view plain ]
| 000 -LEADER | |
|---|---|
| fixed length control field | 00493cam a2200157ua 4500 |
| 003 - CONTROL NUMBER IDENTIFIER | |
| control field | OSt |
| 008 - FIXED-LENGTH DATA ELEMENTS--GENERAL INFORMATION | |
| fixed length control field | 240220b |||||||| |||| 00| 0 eng d |
| 041 ## - LANGUAGE CODE | |
| Language code of text/sound track or separate title | eng |
| 082 ## - DEWEY DECIMAL CLASSIFICATION NUMBER | |
| Classification number | 631.433 |
| Item number | PUB/GE |
| 245 ## - TITLE STATEMENT | |
| Title | Geomechanics in tropical soils / |
| 250 ## - EDITION STATEMENT | |
| Edition statement | 1 / |
| 260 ## - PUBLICATION, DISTRIBUTION, ETC. (IMPRINT) | |
| Place of publication | USA : |
| Name of publisher | A Abalkerma / Rotterdam / Brookfield, |
| Year of publication | 1988. |
| 300 ## - PHYSICAL DESCRIPTION | |
| Number of Pages | 444 ; . |
| 490 ## - SERIES STATEMENT | |
| Series statement | Proceedings of the Second International Conference on Geomechanics in Tropical Soils Singapore / 12-14 December 1988 |
| 942 ## - ADDED ENTRY ELEMENTS (KOHA) | |
| Koha item type | Books |
| Withdrawn status | Lost status | Damaged status | Home library | Current library | Shelving location | Date acquired | Cost, normal purchase price | Full call number | Accession Number | Koha item type |
|---|---|---|---|---|---|---|---|---|---|---|
| KAUAET | Central Prison Tavanur | 13/02/2025 | 2205.00 | 631.433 PUB/GE | 19454 | Books | ||||
| KAUAET | KAUAET | General Stacks | 07/04/2012 | 2205.00 | 631.433 PUB/GE | 19453 | Books |
